|
|
|
|
| LEADER |
00000cas a2200000 a 4500 |
| 001 |
vtls010645490 |
| 003 |
SK-MaSNL |
| 005 |
20260228162003.0 |
| 008 |
150108c20149999xo ar|p 0 b0slo |
| 022 |
|
|
|a 1339-8040
|
| 040 |
|
|
|a SVKBB
|b slo
|c SVKBB
|d SNK
|e AACR2
|
| 041 |
0 |
|
|a slo
|
| 044 |
|
|
|a xo
|c SK
|
| 072 |
|
7 |
|a 347.7
|x Obchodné právo. Finančné právo. Právo priemyselného vlastníctva. Patentové právo. Autorské právo
|2 konspekt
|
| 080 |
|
|
|a 347.77/.78
|2 2011
|
| 080 |
|
|
|a 050
|2 2011
|
| 080 |
|
|
|a (051)-027.561
|2 2011
|
| 210 |
0 |
|
|a Duševné vlastníctvo – výber
|
| 222 |
|
0 |
|a Duševné vlastníctvo – výber
|
| 245 |
0 |
0 |
|a Duševné vlastníctvo
|b revue pre teóriu a prax v oblasti duševného vlastníctva
|p výber ...
|
| 246 |
1 |
1 |
|a Intellectual property
|b revue for theory and practice in the sphere of intellectual property
|
| 246 |
1 |
1 |
|a Geistiges Eigentum
|b Revue für Theorie und Praxis im Gebiet des geistigen Eigentums
|
| 246 |
1 |
1 |
|a Propriété intellectuelle
|
| 260 |
|
|
|a Banská Bystrica
|b Úrad priemyselného vlastníctva SR
|c 2014-
|
| 300 |
|
|
|a zv.
|c 30 cm
|
| 310 |
|
|
|a 1x ročne
|
| 362 |
0 |
|
|a 2014-
|
| 500 |
|
|
|a Výkonný redaktor: 2014-2015, Július Šípoš ; 2016- , Elena Bobeková
|
| 500 |
|
|
|a Súčasťou názvu je označenie kalendárneho roku
|
| 500 |
|
|
|a Ide o tlačenú formu výberu ťažiskových článkov uverejnených v príslušnom roku
|
| 650 |
0 |
7 |
|a právo duševného vlastníctva
|2 SNKPH
|9 4270
|
| 650 |
0 |
7 |
|a Intellectual property
|2 SNKPHeng
|9 268390
|
| 655 |
|
7 |
|a odborné časopisy
|2 SNKPH
|9 70505
|
| 655 |
|
7 |
|a Professional journals
|2 SNKPHeng
|9 265007
|
| 700 |
1 |
|
|a Šípoš, Július
|4 red
|9 59482
|
| 700 |
1 |
|
|a Bobeková, Elena
|4 red
|9 270147
|
| 775 |
0 |
|
|t Duševné vlastníctvo
|x 1335-2881
|w vtls001472776
|
| 852 |
|
|
|a Štátna vedecká knižnica v Banskej Bystrici
|
| 856 |
4 |
1 |
|u http://www.upv.sk/?dusevne-vlastnictvo-archiv
|
| 910 |
|
|
|a snk
|
| 999 |
|
|
|c 6345
|d 8275
|
| 952 |
|
|
|0 0
|1 0
|4 0
|7 0
|8 0
|a SNK
|b SNK
|d 2025-04-04
|i snk2025/5931
|l 0
|o snkČSB 5159/A/2017 D1
|p 17A1556032
|r 2026-02-21 21:21:37
|w 2026-02-21
|y PREZ
|
| 952 |
|
|
|0 0
|1 0
|4 0
|7 0
|8 0
|a SNK
|b SNK
|d 2017-08-08
|i snk2017/18004
|l 0
|o snkČSB 5159/A/2014
|p 17A1263473
|r 2026-02-21 21:48:35
|w 2026-02-21
|y PREZ
|
| 952 |
|
|
|0 0
|1 0
|4 0
|7 0
|8 0
|a SNK
|b SNK
|d 2017-08-08
|i snk2017/18005
|l 0
|o snkČSB 5159/A/2014 D1
|p 17A1263474
|r 2026-02-21 21:48:35
|w 2026-02-21
|y PREZ
|
| 952 |
|
|
|0 0
|1 0
|4 0
|7 0
|8 0
|a SNK
|b SNK
|d 2017-08-08
|i snk2017/18006
|l 0
|o snkČSB 5159/A/2015
|p 17A1263475
|r 2026-02-21 21:48:35
|w 2026-02-21
|y PREZ
|
| 952 |
|
|
|0 0
|1 0
|4 0
|7 0
|8 0
|a SNK
|b SNK
|d 2017-08-08
|i snk2017/18007
|l 0
|o snkČSB 5159/A/2015 D1
|p 17A1263476
|r 2026-02-21 21:48:35
|w 2026-02-21
|y PREZ
|
| 952 |
|
|
|0 0
|1 0
|4 0
|7 0
|8 0
|a SNK
|b SNK
|d 2019-04-05
|i snk2019/9845
|l 0
|o snkČSB 5159/A/2016
|p 17A1366345
|r 2026-02-21 21:58:56
|w 2026-02-21
|y PREZ
|
| 952 |
|
|
|0 0
|1 0
|4 0
|7 0
|8 0
|a SNK
|b SNK
|d 2019-04-05
|i snk2019/9846
|l 0
|o snkČSB 5159/A/2016 D1
|p 17A1366346
|r 2026-02-21 21:58:56
|w 2026-02-21
|y PREZ
|
| 952 |
|
|
|0 0
|1 0
|4 0
|7 0
|8 0
|a SNK
|b SNK
|d 2019-12-03
|i snk2019/31032
|l 0
|o snkČSB 5159/A/2017
|p 17A1385453
|r 2026-02-21 22:15:14
|w 2026-02-21
|y PREZ
|